| 000 | 00544nam a2200217 a 4500 | ||
|---|---|---|---|
| 001 | nice12345678 | ||
| 003 | IN_TiNIC | ||
| 005 | 20260116011906.0 | ||
| 008 | 070528s1934 beia grp 000 0 ara | ||
| 020 |
_a _c100 |
||
| 082 | 0 | 0 |
_a297.824 _bBEG |
| 100 | _aBeg, Chol Ismail | ||
| 245 |
_aAl-Yasidia Qadima Va Hadisa _b Yazid Past and Present |
||
| 260 |
_aBeirut _bAmerican Press _c1934 |
||
| 300 | _a134p | ||
| 500 | _aincludes index and biblioraphy | ||
| 700 | 1 | _aBeg, Chol Ismail | |
| 902 | _bRBA | ||
| 942 | _cBK | ||
| 999 |
_c4756 _d4756 |
||